| 000 | 00802cam a2200157 4500500 | ||
|---|---|---|---|
| 005 | 20260405002247.0 | ||
| 041 | _afre | ||
| 042 | _adc | ||
| 100 | 1 | 0 |
_aPicq, Jean _eauthor |
| 245 | 0 | 0 | _aL'Europe et ses Etats dans la mondialisation |
| 260 | _c2010. | ||
| 500 | _a55 | ||
| 520 | _aRésuméAppartenir à l'Europe constitue une double chance pour aborder la mondialisation : nous avons une expérience plurielle du monde et une construction politique originale du dépassement des Etats-Nations. Nous devons maintenant changer notre regard sur le monde et avoir confiance en nous pour accomplir les promesses de l'Europe. | ||
| 786 | 0 | _nÉtudes | Tom 413 | 11 | 2010-10-29 | p. 449-459 | 0014-1941 | |
| 856 | 4 | 1 | _uhttps://shs.cairn.info/revue-etudes-2010-11-page-449?lang=fr&redirect-ssocas=7080 |
| 999 |
_c2055970 _d2055970 |
||